Statistics for Crown to Country

Click here to take the quiz!

General Stats

  • This quiz has been taken 70 times
  • The average score is 9 of 16

Answer Stats

Answer% Correct
United Kingdom
97%
Denmark
85%
Prussia
82%
Poland
78%
Sweden
69%
Spain
66%
Siam
63%
Vatican City
60%
Netherlands
51%
France
49%
Bohemia
48%
Lombardy
48%
Japan
40%
Romania
40%
Albania
37%
Gaya
15%

Score Distribution

Percentile by Number Answered

Percent of People with Each Score

Your Score History

You have not taken this quiz